| 000 | 00524nab a22001457 4500 | ||
|---|---|---|---|
| 003 | ES-SlBCS | ||
| 005 | 20210513230823.0 | ||
| 008 | 210513s2017 po ||||| |||| 00| 0 por d | ||
| 040 |
_aES-SlBCS _bspa |
||
| 041 | _apor | ||
| 100 | 1 |
_aFreitas da Silva, Claudinei Aparecido de _9210077 |
|
| 245 | 1 | 0 |
_aExperienciar Deus: Gabriel Marcel, na contramao da teodiceia _cClaudinei Aparecido de Freitas da Silva |
| 773 | 0 |
_gVol. 73, fasc. 2, 2017, págs. 839-864 _tRevista Portuguesa de Filosofia _wRev379 _x0870-5283 |
|
| 942 |
_2lcc _cAR |
||
| 999 |
_c867830 _d867830 |
||